Financial accounting / (Record no. 150293)

MARC details
000 -LEADER
fixed length control field 00662nam a22001937a 4500
005 - DATE AND TIME OF LATEST TRANSACTION
control field 20180309094443.0
010 ## - LCCN (DPL NO)
LC control number B-667618
020 ## - INTERNATIONAL STANDARD BOOK NUMBER
International Standard Book Number 9789381162439
Terms of availability 450.00
035 ## - SYSTEM CONTROL NUMBER
System control number B-667618
037 ## - SOURCE OF ACQUISITION
Source of stock number/acquisition KKP
Stock number dpl
082 ## - DEWEY DECIMAL CLASSIFICATION NUMBER
Classification number 657.48
100 ## - MAIN ENTRY--PERSONAL NAME
Personal name Gupta, Nirmal
245 ## - TITLE STATEMENT
Title Financial accounting /
Statement of responsibility, etc by Nirmal Gupta
260 ## - PUBLICATION, DISTRIBUTION, ETC. (IMPRINT)
Place of publication, distribution, etc New Delhi
Name of publisher, distributor, etc Ane Books
Date of publication, distribution, etc 2016
270 ## - ADDRESS
Address 4821,Parwana Bhawan, 1st Floor,24 Ansari Road,Draya Ganj
City New Delhi
Postal code 110002
300 ## - PHYSICAL DESCRIPTION
Extent xviii,798p.
Dimensions 24cm(pbk)
942 ## - ADDED ENTRY ELEMENTS (KOHA)
Source of classification or shelving scheme Dewey Decimal Classification
Item type English Books
Call number suffix GUP
Classification part 657.48
Holdings
Withdrawn status Lost status Not for loan Collection code Home library Current library Date acquired Source of acquisition Cost, normal purchase price Full call number Barcode Copy number Cost, replacement price Koha item type
      Non-fiction Ashok Vihar Ashok Vihar 09/03/2018 Ane/ABPL/17-18/2149/29.11.17/BPPD/EN/17-18/635/21.11.2017/ 6.1.2018 450.00 657.48 GUP B-667618 1 450.00 English Books

© Delhi Public Library
Hit Counter
free hit counter